000 00221nam a2200085Ia 4500
008 120527s9999 xx 000 0 und d
100 _aADELABU, M.A.K
245 _aTelecommunication and Broad casting in Nigeria
942 _cBK
999 _c25551
_d25551